000
00338nam a2200133Ia 4500
008
240624s9999 xx 000 0 und d
041
_a
eng
082
_a
658.3 NOE
100
_a
NOE RAYMOND
245
_a
FUNDAMENTAL OF HUMAN RESOURCE MANAGEMENT
250
_a
(3rd ed.)
260
_c
2012
_a
New Delhi
_b
Tata McGraw-Hill
365
_c
RS
_b
33
999
_c
25982
_d
25982